| 000 | 00484nam a2200169Ia 4500 | ||
|---|---|---|---|
| 999 |
_c27140 _d27140 |
||
| 003 | OSt | ||
| 005 | 20201208101942.0 | ||
| 008 | 190216s9999||||xx |||||||||||||| ||und|| | ||
| 040 | _coclc | ||
| 082 |
_a894.8124 _bPIL/K |
||
| 100 |
_aPillai, G N _97179 |
||
| 245 | 0 |
_aKaaliyude Navu / _cG N Pillai |
|
| 260 |
_bCalicut University Publications, _aCalicut: _c1995. |
||
| 300 | _a165p | ||
| 650 | _aLekhanam | ||
| 942 |
_cBK _2ddc _h894.8124 _iPIL/K _k894.8124 _mPIL/K |
||